| 000 | 00381nam a2200145Ia 4500 | ||
|---|---|---|---|
| 008 | 210210b1981 xxu||||| |||| 00| 0 eng d | ||
| 082 | _a630.281 WORA | ||
| 100 | _aWORLD BANK. | ||
| 245 | _aAgricultural research: sector policy paper. | ||
| 260 |
_aWashington _bWorld bank _c1981 |
||
| 300 | _a110 | ||
| 650 | _aAgricultural research | ||
| 690 | _aAgriculture | ||
| 906 | _aSG03119 | ||
| 999 |
_c113759 _d113759 |
||